History Quiz

Random History or Nation Quiz

Satrapies(states/provinces) of the Achaemenid Empire Quiz Stats

 Plays Quiz not verified by Sporcle

Also try: To the Moon!
Challenge
Share
Tweet
Embed
Score 0/6 Timer 03:00
0 Plays Today
Info Satrapy name % Correct
Biggest Satrapy(land mass), Darius I was born here, the capital city Persepolis is here, fought to keep the empire together in a civil warEast Persia
83.7%
2nd Biggest(land mass), Fought to split apart in a civil war, bordered the most satrapies, when Lydia was conquered it eventually became part of this satrapy.West Persia
79.1%
6th Biggest(smallest), once ally of persia, while most of the Achaemenid empire had land only good for livestock, this has the most farmland, and Alexander the great was born hereMacedonia
72.1%
4th Biggest(land mass), only satrapy invaded by Rome(387 B.C.), had the most revolts, King Xerxes II was born here, once an ally of persia Egypt
69.8%
5th Biggest(land mass), had multiple riots started by greeks, was a country conquered by persia, King Antixerxes I was barried hereMedia
39.5%
3rd Biggest(land mass), in 331 b.c. it became part of another satrapy, had the fewest wars fought on it's land, and was once part of the Parthian FederationNortheast Parthia
18.6%

You're not logged in!

Compare scores with friends on all Sporcle quizzes.
Join for Free
OR
Log In

You Might Also Like...

Show Comments

Extras

Top Quizzes Today


Score Distribution

Your Account Isn't Verified!

In order to create a playlist on Sporcle, you need to verify the email address you used during registration. Go to your Sporcle Settings to finish the process.

Report this User

Report this user for behavior that violates our Community Guidelines.

Details: